| 000 | 00341nam a2200121Ia 4500 | ||
|---|---|---|---|
| 008 | 230907s9999||||xx |||||||||||||| ||und|| | ||
| 082 |
_a823.914 _bROW |
||
| 100 |
_aRowling, J. K. _911309 |
||
| 245 | 0 | _aHarry Potter and the prisoner of Azkaban / | |
| 260 |
_aBloomsbury, _bNew York : _c2014 |
||
| 650 |
_aEnglish Literature _9318 |
||
| 942 | _cBK | ||
| 999 |
_c599817 _d599817 |
||